| 000 | 00487nam a2200133 a 4500 | ||
|---|---|---|---|
| 008 | 120416s1999 ||||||||||||||||| || u | ||
| 020 | _a0340720476 | ||
| 050 | _aQA 20.C63 Lum | ||
| 100 | _aLumgair, Christopher | ||
| 245 | 1 | 0 | _aCreative design with your computer |
| 260 |
_aLondon _bHodder and Stoughton _c1999 |
||
| 350 | _a0.00 | ||
| 995 |
_D0.00 _FCBU-MAIN LIBRARY (Kitwe) _H1 _I7.99 _M1 _UAVAILABLE _ZAnnex Low-Usage Collection |
||
| 999 |
_c39141 _d39141 |
||